[Event "II Open A Primavera"]
[Site "Como ITA"]
[Date "2006.05.19"]
[Round "5"]
[White "Corti, Filippo"]
[Black "Emoroso, Claudio"]
[Result "0-1"]
[WhiteElo "1637"]
[BlackElo "1832"]
[PlyCount "104"]
[EventDate "2006.04.21"]

1. Nf3 Nf6 2. g3 g6 3. Bg2 Bg7 4. d4 O-O 5. O-O d5 6. c4 c6 7. cxd5 cxd5 8. Nc3
Nc6 9. Bf4 Nh5 10. Bc1 a6 11. e3 e6 12. b3 b5 13. Bb2 Rb8 14. Qd2 Nf6 15. Rfc1
Qb6 16. a3 Na5 17. Qd1 Bd7 18. Ne5 Rfc8 19. Nxd7 Nxd7 20. Ne2 b4 21. Rxc8+ Rxc8
22. axb4 Qxb4 23. Ba3 Qxb3 24. Qxb3 Nxb3 25. Ra2 a5 26. Bf1 Bf8 27. Kg2 Nb6 28.
Bxf8 Kxf8 29. Rb2 a4 30. Nf4 Nc4 31. Ra2 Ra8 32. Nd3 a3 33. Ne5 Nxe5 34. dxe5
Nc1 35. Ra1 a2 36. Rxc1 a1=Q 37. Rxa1 Rxa1 38. Be2 Ke7 39. f4 Ra3 40. Kf2 f6
41. exf6+ Kxf6 42. g4 g5 43. Bf3 Ra2+ 44. Kg3 gxf4+ 45. exf4 d4 46. g5+ Kg7 47.
h4 d3 48. h5 d2 49. h6+ Kh8 50. Kg4 Ra1 51. f5 exf5+ 52. Kxf5 Rf1 0-1

[Event "II Open A Primavera"]
[Site "Como ITA"]
[Date "2006.05.19"]
[Round "5"]
[White "Giaracuni, Claudio"]
[Black "Calabrese, Salvatore"]
[Result "1-0"]
[WhiteElo "1613"]
[BlackElo "1419"]
[PlyCount "109"]
[EventDate "2006.04.21"]

1. c4 c5 2. Nf3 Nf6 3. Nc3 e6 4. e4 Nc6 5. g3 d5 6. cxd5 exd5 7. exd5 Nxd5 8.
Qe2+ Be7 9. Nxd5 Qxd5 10. Bg2 Bg4 11. O-O Nd4 12. Nxd4 Bxe2 13. Bxd5 Bxf1 14.
Bxb7 Rb8 15. Bc6+ Kd8 16. Nf5 Bb5 17. Bd5 Bf6 18. Bxf7 Bc6 19. d3 Bxb2 20. Rb1
Be5 21. Rxb8+ Bxb8 22. Bg5+ Kd7 23. Nxg7 Rf8 24. Be6+ Kc7 25. Bf5 Rf7 26. Ne6+
Kb6 27. Bd8+ Kb7 28. Nxc5+ Ka8 29. g4 Rf8 30. Bg5 a6 31. Nxa6 Bf3 32. Nc5 Re8
33. Be3 Be2 34. Be4+ Ka7 35. Nd7+ Ka6 36. Nxb8+ Rxb8 37. h3 Rb2 38. Bxh7 Rxa2
39. Bg8 Ra1+ 40. Kh2 Bf3 41. Bc4+ Kb7 42. Kg3 Bc6 43. g5 Rg1+ 44. Kf4 Rh1 45.
g6 Rxh3 46. g7 Rh4+ 47. Kg5 Be8 48. g8=R Rh5+ 49. Kf6 Bc6 50. Rg7+ Kc8 51. Bf4
Kd8 52. Rg8+ Be8 53. Bf7 Kc8 54. Bxe8 Rc5 55. Bc6# 1-0

[Event "II Open A Primavera"]
[Site "Como ITA"]
[Date "2006.05.19"]
[Round "5"]
[White "Grassetto, Gilberto"]
[Black "Ghelfi, Giancarlo"]
[Result "1-0"]
[WhiteElo "1760"]
[BlackElo "1622"]
[PlyCount "55"]
[EventDate "2006.04.21"]

1. d4 Nf6 2. c4 g6 3. Nc3 Bg7 4. e4 d6 5. f3 O-O 6. Be3 e5 7. d5 c6 8. Nge2
cxd5 9. cxd5 a6 10. g4 h5 11. gxh5 Nxh5 12. h4 Nd7 13. Qd2 b5 14. Nd1 Nc5 15.
Nf2 f5 16. O-O-O f4 17. Bxc5 dxc5 18. d6 Bd7 19. Kb1 Qb6 20. Bh3 Rfd8 21. Bxd7
Rxd7 22. Qd5+ Kh7 23. Qxa8 Nf6 24. Qc8 c4 25. Ng4 Rxd6 26. Nxf6+ Rxf6 27. Nc3
Rf8 28. Qg4 1-0

[Event "II Open A Primavera"]
[Site "Como ITA"]
[Date "2006.05.19"]
[Round "5"]
[White "Lotti, Riccardo"]
[Black "Rossi, Silio"]
[Result "0-1"]
[WhiteElo "1395"]
[BlackElo "1592"]
[PlyCount "138"]
[EventDate "2006.04.21"]

1. d4 Nf6 2. c4 d6 3. Nc3 Nc6 4. Nf3 e6 5. e3 Bd7 6. Bd3 Nb4 7. a3 Nxd3+ 8.
Qxd3 c6 9. e4 Qa5 10. b4 Qc7 11. Bf4 Nh5 12. Bg3 Nxg3 13. fxg3 a5 14. O-O Be7
15. d5 O-O 16. b5 Qb6+ 17. Kh1 cxb5 18. cxb5 e5 19. a4 Rac8 20. Rac1 Qa7 21.
Rfe1 Bg4 22. h3 Bd7 23. Rb1 b6 24. Qe3 Rc5 25. Rbc1 Rfc8 26. Na2 R8c7 27. Re2
Rxc1+ 28. Nxc1 Rc4 29. Qb3 Rxc1+ 30. Re1 Rxe1+ 31. Nxe1 Qc7 32. Kh2 f5 33. Qb1
fxe4 34. Qxe4 g6 35. g4 Qc8 36. Nd3 Qc3 37. Nf2 Bh4 38. Nh1 Bg5 39. Qe2 Qd4 40.
Qc2 Bd8 41. Nf2 Qxd5 42. Ne4 Kg7 43. Nc3 Qc4 44. Qd2 Qf4+ 45. Qxf4 exf4 46. Nd5
Be6 47. Nxf4 Bb3 48. Kg3 Bxa4 49. Ne6+ Kf6 50. Nxd8 Bxb5 51. Kf4 d5 52. g5+ Ke7
53. Nb7 d4 54. Ke5 d3 55. Nd6 d2 56. Ne4 d1=Q 57. Nc3 Qd6+ 58. Ke4 Qd3+ 59. Kf4
Qxc3 60. h4 Qd4+ 61. Kf3 Qxh4 62. Ke3 Qxg5+ 63. Kd4 Qc5+ 64. Ke4 Bc6+ 65. Kd3
a4 66. g4 a3 67. Ke2 a2 68. g5 a1=Q 69. Kd3 Qd1# 0-1

[Event "II Open A Primavera"]
[Site "Como ITA"]
[Date "2006.05.19"]
[Round "5"]
[White "Luppi, Dario"]
[Black "Fogli, Antonio"]
[Result "1/2-1/2"]
[WhiteElo "1733"]
[BlackElo "1580"]
[PlyCount "81"]
[EventDate "2006.04.21"]

1. d4 d5 2. Bf4 e6 3. Nf3 Nf6 4. e3 b6 5. Nbd2 Bb7 6. Bd3 Bd6 7. Bg3 c5 8. c3
Nc6 9. Ne5 Qc7 10. f4 h6 11. h4 g5 12. hxg5 Bxe5 13. dxe5 Ng8 14. Qa4 O-O-O 15.
Nf3 Kb8 16. Kf2 h5 17. Rh4 Nge7 18. Rah1 d4 19. exd4 cxd4 20. c4 Nf5 21. Rxh5
Rhg8 22. Rh7 Qe7 23. a3 Qf8 24. Qc2 Ne3 25. Qc1 Nf5 26. R1h3 Nce7 27. Nd2 Ne3
28. Ne4 Bxe4 29. Bxe4 N7f5 30. Bh2 d3 31. Rxe3 d2 32. Qd1 Qc5 33. Bxf5 exf5 34.
Rhh3 Rd3 35. Ke2 Rxe3+ 36. Rxe3 Qxc4+ 37. Kf2 Qc1 38. Ke2 Rd8 39. b4 Qc4+ 40.
Kf2 Qc1 41. Ke2 1/2-1/2

[Event "II Open A Primavera"]
[Site "Como ITA"]
[Date "2006.05.19"]
[Round "5"]
[White "Napoli, Ferdinando"]
[Black "Raineri, Pieroberto"]
[Result "1-0"]
[WhiteElo "1850"]
[BlackElo "1583"]
[PlyCount "37"]
[EventDate "2006.04.21"]

1. b3 d5 2. Bb2 Nc6 3. e3 Nf6 4. Nf3 Bg4 5. h3 Bh5 6. d4 a6 7. Nbd2 e6 8. Be2
Bg6 9. O-O b5 10. a3 Na5 11. Ne5 Be7 12. Bc3 Nb7 13. a4 c6 14. Nxc6 Qc7 15.
axb5 a5 16. Bb2 O-O 17. c4 Nd8 18. Nxe7+ Qxe7 19. Ba3 1-0

[Event "II Open A Primavera"]
[Site "Como ITA"]
[Date "2006.05.19"]
[Round "5"]
[White "Nika, Isak"]
[Black "Liscio, Giovanni"]
[Result "0-1"]
[WhiteElo "1494"]
[BlackElo "2009"]
[PlyCount "58"]
[EventDate "2006.04.21"]

1. e4 c5 2. Nf3 d6 3. Nc3 Nf6 4. d4 cxd4 5. Nxd4 e5 6. Nf3 Be6 7. Bd3 Be7 8.
Bg5 Nbd7 9. O-O O-O 10. Be3 a6 11. Ng5 b5 12. Nd5 Bxd5 13. exd5 h6 14. Ne4 Nxe4
15. Bxe4 f5 16. Bd3 e4 17. Be2 Bf6 18. Rb1 Qe7 19. b3 Be5 20. f4 exf3 21. Rxf3
g5 22. Bd4 Bxd4+ 23. Qxd4 Qxe2 24. Rbf1 Qe4 25. Qd1 Ne5 26. Re1 Qg4 27. Qd2
Rac8 28. Rxe5 dxe5 29. Rd3 Qf4 0-1

[Event "II Open A Primavera"]
[Site "Como ITA"]
[Date "2006.05.19"]
[Round "5"]
[White "Trifoni, Giorgio"]
[Black "Canali, Marco"]
[Result "0-1"]
[WhiteElo "1673"]
[BlackElo "1817"]
[PlyCount "78"]
[EventDate "2006.04.21"]

1. Nf3 g6 2. d4 Bg7 3. e3 Nf6 4. Nbd2 d5 5. b3 O-O 6. Bb2 c5 7. c3 cxd4 8. cxd4
Bf5 9. Be2 Nc6 10. a3 Ne4 11. O-O Rc8 12. Rc1 Qd6 13. b4 Nxd2 14. Qxd2 a6 15.
Bd3 Bxd3 16. Qxd3 Nb8 17. Rc5 Nd7 18. Rc2 Rxc2 19. Qxc2 Nb6 20. Qc5 Nc4 21. Bc1
Qd7 22. Qa7 Rc8 23. Nd2 Nxd2 24. Bxd2 Rc2 25. Rd1 Qc8 26. Kf1 e5 27. dxe5 Bxe5
28. f4 Qc4+ 29. Ke1 Bc3 30. Qc5 Rxd2 31. Qxc4 Rxd1+ 32. Kxd1 dxc4 33. Kc2 Be1
34. Kd1 Bh4 35. g3 Be7 36. Kc2 f5 37. h3 Kf7 38. g4 Ke6 39. Kc3 b5 0-1

[Event "II Open A Primavera"]
[Site "Como ITA"]
[Date "2006.05.26"]
[Round "6"]
[White "Calabrese, Salvatore"]
[Black "Lotti, Riccardo"]
[Result "0-1"]
[WhiteElo "1419"]
[BlackElo "1395"]
[PlyCount "98"]
[EventDate "2006.04.21"]

1. e4 e6 2. Nc3 d5 3. d3 Ne7 4. Bg5 h6 5. Bh4 Qd7 6. Qd2 d4 7. Nce2 Ng6 8. Bg3
Be7 9. Nf3 Nc6 10. a3 Bf6 11. Nf4 Nxf4 12. Bxf4 e5 13. Bg3 O-O 14. Nh4 Bg5 15.
f4 exf4 16. Nf3 fxg3 17. Nxg5 hxg5 18. hxg3 Qe7 19. Qe2 g6 20. g4 Ne5 21. Qf2
c5 22. Qg3 Bxg4 23. Qh2 Bh5 24. Be2 g4 25. O-O-O Qg5+ 26. Kb1 Rac8 27. g3 Rc6
28. c3 Nf3 29. Qg2 Qf6 30. c4 Ne5 31. Rhf1 Qg5 32. Qh2 Rb6 33. Rf4 Rf6 34. Rdf1
Nf3 35. Bxf3 gxf3 36. R1xf3 Bxf3 37. Rh4 Bh5 38. Qh3 Rf3 39. Qh1 Rxg3 40. e5
Rg1+ 41. Qxg1 Qxg1+ 42. Ka2 Qe3 43. e6 fxe6 44. Rh1 Qxd3 45. a4 Rf3 46. a5
Qxc4+ 47. Kb1 Rf2 48. Rc1 Qb5 49. a6 Qxb2# 0-1

[Event "II Open A Primavera"]
[Site "Como ITA"]
[Date "2006.05.26"]
[Round "6"]
[White "Corti, Filippo"]
[Black "Cimatti, Stefano"]
[Result "1-0"]
[WhiteElo "1637"]
[BlackElo "1398"]
[PlyCount "71"]
[EventDate "2006.04.21"]

1. Nf3 d5 2. g3 Nf6 3. Bg2 Nc6 4. d4 h6 5. O-O Bg4 6. h3 Bf5 7. c3 e6 8. Nbd2
Bd6 9. Re1 O-O 10. Qb3 b6 11. Nh2 Qd7 12. g4 Bg6 13. e4 Na5 14. Qd1 e5 15. exd5
Rfe8 16. b4 Nb7 17. Nc4 exd4 18. Rxe8+ Rxe8 19. Nxd6 Qxd6 20. cxd4 Nxd5 21. Bd2
Nxb4 22. Bxb4 Qxb4 23. Bxb7 Be4 24. Bxe4 Rxe4 25. Nf3 Re6 26. Kg2 Rd6 27. Qb3
a5 28. Qxb4 axb4 29. Rc1 c5 30. dxc5 bxc5 31. Rxc5 Ra6 32. Rc2 Kf8 33. Nd4 Ra4
34. Nb3 Ke7 35. Kf3 Ke6 36. Nc5+ 1-0

[Event "II Open A Primavera"]
[Site "Como ITA"]
[Date "2006.05.26"]
[Round "6"]
[White "Curioni, Franco"]
[Black "Canali, Marco"]
[Result "1/2-1/2"]
[WhiteElo "1658"]
[BlackElo "1817"]
[PlyCount "33"]
[EventDate "2006.04.21"]

1. e4 e5 2. f4 d5 3. exd5 c6 4. Nf3 exf4 5. dxc6 Nxc6 6. Bb5 Bd6 7. Nc3 Nge7 8.
O-O O-O 9. d4 Ng6 10. Ne4 Bg4 11. Qd2 Bc7 12. c3 Nce7 13. Qd3 Nf5 14. Bc4 Nfh4
15. Neg5 Bf5 16. Qd1 Nxf3+ 17. Nxf3 1/2-1/2

[Event "II Open A Primavera"]
[Site "Como ITA"]
[Date "2006.05.26"]
[Round "6"]
[White "Emoroso, Claudio"]
[Black "Boffi, Luigi"]
[Result "1-0"]
[WhiteElo "1832"]
[BlackElo "1623"]
[PlyCount "67"]
[EventDate "2006.04.21"]

1. e4 c5 2. f4 e6 3. Nf3 d5 4. exd5 exd5 5. Bb5+ Bd7 6. Qe2+ Be7 7. O-O Nf6 8.
Re1 Ne4 9. Nc3 Nxc3 10. dxc3 a6 11. Bxd7+ Nxd7 12. f5 Nf6 13. Bg5 Ne4 14. Bxe7
Qxe7 15. c4 O-O 16. cxd5 Rfe8 17. Nd2 Qf6 18. Nxe4 Qd4+ 19. Qe3 Qxd5 20. Qxc5
Qd7 21. Rad1 Qa4 22. Nd6 Red8 23. Qc4 Qd7 24. Rd3 b5 25. Qc5 Rab8 26. Ne4 Qb7
27. Rxd8+ Rxd8 28. Nd6 Qd7 29. Ne4 Rc8 30. Qf2 Qd5 31. f6 Qxa2 32. Qg3 g6 33.
Nd6 Rd8 34. Qb3 1-0

[Event "II Open A Primavera"]
[Site "Como ITA"]
[Date "2006.05.26"]
[Round "6"]
[White "Fogli, Antonio"]
[Black "Giaracuni, Claudio"]
[Result "1-0"]
[WhiteElo "1580"]
[BlackElo "1613"]
[PlyCount "75"]
[EventDate "2006.04.21"]

1. Nf3 Nf6 2. g3 g6 3. b3 Bg7 4. Bg2 d5 5. Bb2 O-O 6. O-O Nbd7 7. d3 Re8 8.
Nbd2 e5 9. Re1 b6 10. e4 dxe4 11. Nxe4 Nxe4 12. dxe4 Bb7 13. Qe2 Nc5 14. Nd2
Qf6 15. Rad1 Qc6 16. f3 Rad8 17. Nb1 Ne6 18. Nc3 Nd4 19. Qf2 b5 20. Nd5 f5 21.
c3 fxe4 22. fxe4 Ne6 23. Bh3 Ng5 24. Bg2 Kh8 25. h4 Rf8 26. Qe3 Ne6 27. Kh2 Qc5
28. Qxc5 Nxc5 29. Nxc7 Rxd1 30. Rxd1 Bxe4 31. Ba3 Rf2 32. Rd8+ Bf8 33. Bxc5
Rxg2+ 34. Kh3 Re2 35. Rxf8+ Kg7 36. Ne6+ Kh6 37. g4 Bg2+ 38. Kg3 1-0

[Event "II Open A Primavera"]
[Site "Como ITA"]
[Date "2006.05.26"]
[Round "6"]
[White "Ghelfi, Giancarlo"]
[Black "Rossi, Silio"]
[Result "1-0"]
[WhiteElo "1622"]
[BlackElo "1592"]
[PlyCount "131"]
[EventDate "2006.04.21"]

1. e4 c5 2. Nf3 Nc6 3. c3 e5 4. d4 exd4 5. cxd4 cxd4 6. Nxd4 Qb6 7. Nb3 Bb4+ 8.
Bd2 Bxd2+ 9. N1xd2 Nf6 10. Be2 Nd4 11. O-O Nxe2+ 12. Qxe2 O-O 13. Nc4 Qe6 14.
Rfe1 b6 15. Rad1 Ba6 16. Nbd2 Rac8 17. b3 b5 18. Nb2 Rc2 19. Nd3 Qe7 20. a3
Qxa3 21. Ra1 Ra2 22. Rxa2 Qxa2 23. Nc5 Qa5 24. e5 Nd5 25. Nde4 Bc8 26. Rd1 Nc3
27. Nxc3 Qxc3 28. Nxd7 Rd8 29. Nf6+ gxf6 30. Rxd8+ Kg7 31. exf6+ Kxf6 32. Qf3+
Qxf3 33. gxf3 Be6 34. b4 Bc4 35. Ra8 Kf5 36. Rxa7 Kf4 37. Kg2 Bd5 38. Kg1 Kxf3
39. Ra3+ Kf4 40. Rh3 Be4 41. Kf1 Kg4 42. Rg3+ Kf4 43. Rg7 Bg6 44. Rg8 Ke4 45.
Rc8 Kd4 46. Ke2 h5 47. Kd2 Ke4 48. Rc3 Kf4 49. Re3 Bf5 50. Kc3 Be6 51. Kd4 Bc4
52. Rc3 h4 53. Rxc4 bxc4 54. Kxc4 Kf3 55. b5 Kxf2 56. b6 Kg2 57. b7 f5 58. b8=Q
Kf3 59. Qb3+ Kg4 60. h3+ Kf4 61. Kd4 Kg5 62. Ke5 Kg6 63. Qe6+ Kg7 64. Kxf5 Kf8
65. Qd7 Kg8 66. Kg6 1-0

[Event "II Open A Primavera"]
[Site "Como ITA"]
[Date "2006.05.26"]
[Round "6"]
[White "Grassetto, Gilberto"]
[Black "Trifoni, Giorgio"]
[Result "0-1"]
[WhiteElo "1760"]
[BlackElo "1673"]
[PlyCount "104"]
[EventDate "2006.04.21"]

1. d4 Nf6 2. c4 c5 3. d5 b5 4. cxb5 a6 5. bxa6 Bxa6 6. Nc3 d6 7. g3 Nbd7 8. Bg2
g6 9. Nf3 Bg7 10. O-O O-O 11. h3 Nb6 12. Re1 Bb7 13. e4 Qd7 14. Qc2 Na4 15.
Nxa4 Qxa4 16. b3 Qb5 17. Bb2 Ba6 18. e5 Nxd5 19. Ng5 Bb7 20. exd6 exd6 21. Bxg7
Kxg7 22. Red1 Nb4 23. Qb2+ Kg8 24. Rxd6 Bxg2 25. Kxg2 Nd3 26. Qc3 Nb4 27. a4
Qb7+ 28. Nf3 Qc7 29. Rad1 Rac8 30. Rd7 Qc6 31. Kh2 Qe4 32. Re1 Qf5 33. Ree7 Nd5
34. Rxd5 Qxd5 35. h4 Rb8 36. Re3 Rb7 37. Nd2 Rd8 38. Nc4 Qd4 39. Qc2 Rdb8 40.
Qa2 Qd1 41. Nd2 c4 42. Nxc4 Rxb3 43. a5 Rb1 44. g4 Qxg4 45. Ne5 Qxh4+ 46. Kg2
Qh1+ 47. Kg3 Rg1+ 48. Kf4 Rb4+ 49. Nc4 Rxc4+ 50. Ke5 Rg5+ 51. Kf6 Rf4+ 52. Ke7
Qb7+ 0-1

[Event "II Open A Primavera"]
[Site "Como ITA"]
[Date "2006.05.26"]
[Round "6"]
[White "Liscio, Giovanni"]
[Black "Napoli, Ferdinando"]
[Result "1/2-1/2"]
[WhiteElo "2009"]
[BlackElo "1850"]
[PlyCount "64"]
[EventDate "2006.04.21"]

1. d4 d5 2. c4 c6 3. Nc3 Nf6 4. Nf3 e6 5. Bg5 Be7 6. e3 Nbd7 7. Bd3 h6 8. Bh4
Qc7 9. Rc1 Qb8 10. e4 dxe4 11. Nxe4 Nxe4 12. Bxe7 Nxf2 13. Kxf2 Kxe7 14. Re1
Re8 15. Bb1 Qf4 16. d5 cxd5 17. cxd5 Nf6 18. Qb3 Kf8 19. Qa3+ Kg8 20. d6 Nd5
21. g3 Qf6 22. Kg2 Bd7 23. Ne5 Bb5 24. Qc5 Bc6 25. Nxc6 bxc6 26. Re2 Red8 27.
Qxc6 Qd4 28. Qc2 g6 29. Qe4 Qxe4+ 30. Bxe4 Rxd6 31. Bxd5 Rxd5 32. Rc7 a5
1/2-1/2

[Event "II Open A Primavera"]
[Site "Como ITA"]
[Date "2006.05.26"]
[Round "6"]
[White "Nika, Isak"]
[Black "Luppi, Dario"]
[Result "0-1"]
[WhiteElo "1494"]
[BlackElo "1733"]
[PlyCount "68"]
[EventDate "2006.04.21"]

1. e4 e6 2. d4 d5 3. e5 c5 4. Nf3 Nc6 5. Bb5 Qb6 6. Bxc6+ bxc6 7. Nc3 Ba6 8.
Ne2 Bxe2 9. Kxe2 cxd4 10. Nxd4 Ne7 11. Rb1 c5 12. Nf3 Ng6 13. a3 Qc7 14. c3
Nxe5 15. Bf4 Bd6 16. Bxe5 Bxe5 17. Qa4+ Ke7 18. Rhe1 Bf6 19. Kf1 Rhb8 20. Kg1
Rb6 21. Qc2 g6 22. g3 Rab8 23. Re2 Qb7 24. h4 d4 25. cxd4 Qxf3 26. Qxc5+ Rd6
27. Qc7+ Rd7 28. Rxe6+ fxe6 29. Qxb8 Bxd4 30. Qb4+ Kf7 31. Qd2 Qxg3+ 32. Kf1
Qxh4 33. Rd1 Rd5 34. Qc2 Qxf2+ 0-1

[Event "II Open A Primavera"]
[Site "Como ITA"]
[Date "2006.05.26"]
[Round "6"]
[White "Petetta, Roberto"]
[Black "Raineri, Pieroberto"]
[Result "1-0"]
[WhiteElo "1718"]
[BlackElo "1583"]
[PlyCount "73"]
[EventDate "2006.04.21"]

1. e4 c5 2. Nf3 e6 3. d4 cxd4 4. Nxd4 Nf6 5. Nc3 a6 6. e5 Ng8 7. Bd3 Nc6 8. Be3
Nxe5 9. O-O Nf6 10. Be2 d6 11. f4 Ned7 12. Bf3 Be7 13. Qe1 Nb6 14. b3 Qc7 15.
Rc1 Bd7 16. Nb1 Nbd5 17. Bd2 Rc8 18. c4 Nxf4 19. Bxf4 e5 20. Be3 exd4 21. Bxd4
Be6 22. Qg3 Kf8 23. Nc3 h5 24. h4 Rh6 25. Rce1 Rg6 26. Qf2 Bd8 27. Nd5 Bxd5 28.
cxd5 Ng4 29. Qb2 Bxh4 30. Rc1 Qd8 31. Rxc8 Qxc8 32. Be4 Rg5 33. Rc1 Qd7 34. Rc4
Ne5 35. Rc3 Qg4 36. Qc2 Rg6 37. Rc8+ 1-0

[Event "II Open A Primavera"]
[Site "Como ITA"]
[Date "2006.05.31"]
[Round "7"]
[White "Canali, Marco"]
[Black "Liscio, Giovanni"]
[Result "1/2-1/2"]
[WhiteElo "1817"]
[BlackElo "2009"]
[PlyCount "24"]
[EventDate "2006.04.21"]

1. e4 c5 2. c3 d5 3. exd5 Qxd5 4. d4 e6 5. Nf3 Nc6 6. Na3 cxd4 7. Nb5 Bd6 8.
Bc4 Qe4+ 9. Be3 Bb8 10. Nbxd4 Nxd4 11. Qxd4 Qxd4 12. Bxd4 Nf6 1/2-1/2

[Event "II Open A Primavera"]
[Site "Como ITA"]
[Date "2006.05.31"]
[Round "7"]
[White "Ghelfi, Giancarlo"]
[Black "Fogli, Antonio"]
[Result "0-1"]
[WhiteElo "1622"]
[BlackElo "1580"]
[PlyCount "48"]
[EventDate "2006.04.21"]

1. e4 e6 2. d4 d5 3. Nc3 dxe4 4. Nxe4 b6 5. Qd3 Bb7 6. Nf3 Be7 7. Be3 Nf6 8.
Nxf6+ Bxf6 9. Be2 O-O 10. O-O Nc6 11. c3 Qd7 12. Ng5 Bxg5 13. Bxg5 Ne7 14. Rad1
Bxg2 15. Kxg2 Qd5+ 16. Bf3 Qxg5+ 17. Kh1 Rad8 18. Rg1 Qf6 19. Rg3 Nd5 20. Rdg1
g6 21. Qc4 Qf4 22. Qe2 Rfe8 23. Rg5 Qf6 24. Qe5 Qxf3+ 0-1

[Event "II Open A Primavera"]
[Site "Como ITA"]
[Date "2006.05.31"]
[Round "7"]
[White "Luppi, Dario"]
[Black "Grassetto, Gilberto"]
[Result "1-0"]
[WhiteElo "1733"]
[BlackElo "1760"]
[PlyCount "63"]
[EventDate "2006.04.21"]

1. d4 d5 2. Bf4 Nf6 3. Nf3 e6 4. e3 a6 5. Bd3 Nbd7 6. Nbd2 b5 7. c3 c5 8. Ne5
Bb7 9. Bg3 Be7 10. f4 g6 11. a4 c4 12. Be2 b4 13. h4 h5 14. Bf3 b3 15. Ndxc4
Ne4 16. Bxe4 dxe4 17. Qxb3 Rb8 18. Nxd7 Qxd7 19. f5 O-O 20. fxg6 Bd5 21. gxf7+
Kh7 22. Bxb8 Bxc4 23. Qxc4 Rxb8 24. Qe2 Qd5 25. O-O Rf8 26. Qxa6 Bxh4 27. Qb5
Kg6 28. Qxd5 exd5 29. a5 Bf6 30. a6 Kxf7 31. Rxf6+ Kxf6 32. Rf1+ 1-0

[Event "II Open A Primavera"]
[Site "Como ITA"]
[Date "2006.05.31"]
[Round "7"]
[White "Napoli, Ferdinando"]
[Black "Cervini, Gian Piero"]
[Result "0-1"]
[WhiteElo "1850"]
[BlackElo "1831"]
[PlyCount "94"]
[EventDate "2006.04.21"]

1. e4 d6 2. d4 Nf6 3. Nc3 g6 4. f3 c6 5. Be3 b5 6. Qd2 Qa5 7. Bd3 Na6 8. Nge2
Nb4 9. O-O Nxd3 10. Qxd3 b4 11. Nd1 Ba6 12. Qd2 Bg7 13. Nf2 c5 14. Rfc1 O-O 15.
a3 Qb5 16. c4 Qb6 17. axb4 cxb4 18. Ra4 Rfb8 19. b3 Bc8 20. d5 Qb7 21. Rca1 a6
22. Nd3 a5 23. Rxa5 Rxa5 24. Rxa5 Bd7 25. Qa2 Ne8 26. Ra7 Qc8 27. Qa5 f5 28.
Nxb4 fxe4 29. fxe4 Nf6 30. Nd4 Ng4 31. Ndc6 Bxc6 32. Nxc6 Rxb3 33. Qe1 Bf6 34.
Bf4 Qf8 35. h3 Ne5 36. Bxe5 dxe5 37. Qe2 Bg5 38. Ra1 Qh6 39. Qg4 Bf6 40. Qe6+
Kg7 41. d6 Qe3+ 42. Kh1 exd6 43. Ra7+ Kh6 44. Qxf6 Rb1+ 45. Kh2 Qg1+ 46. Kg3
Rb3+ 47. Kh4 Qe1+ 0-1

[Event "II Open A Primavera"]
[Site "Como ITA"]
[Date "2006.05.31"]
[Round "7"]
[White "Petetta, Roberto"]
[Black "Corti, Filippo"]
[Result "1-0"]
[WhiteElo "1718"]
[BlackElo "1637"]
[PlyCount "103"]
[EventDate "2006.04.21"]

1. e4 c6 2. d4 d5 3. Nc3 dxe4 4. Nxe4 Bf5 5. Ng3 Bg6 6. Nf3 Nd7 7. Bd3 Qc7 8.
O-O Ngf6 9. Bxg6 hxg6 10. Ne2 e6 11. Bf4 Bd6 12. Qd2 O-O-O 13. Bxd6 Qxd6 14.
Qf4 Qxf4 15. Nxf4 Nd5 16. Nxd5 exd5 17. Ng5 Rdf8 18. Rae1 Rh5 19. f4 Kd8 20.
Re2 Nf6 21. Rfe1 Nh7 22. Nxh7 Rxh7 23. Re7 Kc8 24. R1e5 Rh5 25. Re8+ Rxe8 26.
Rxe8+ Kd7 27. Rf8 Rf5 28. g3 g5 29. fxg5 Kc7 30. h4 b5 31. c3 a5 32. Kg2 g6 33.
Re8 Kd7 34. Re1 f6 35. g4 Rf4 36. Kg3 fxg5 37. Re5 Re4 38. Rxg5 Re2 39. Rxg6
Rxb2 40. h5 Rxa2 41. h6 Rc2 42. Rf6 Rxc3+ 43. Rf3 Rc1 44. Kg2 Re1 45. Rf4 Re2+
46. Kg3 Re1 47. g5 a4 48. h7 Rh1 49. Rh4 Rxh4 50. Kxh4 b4 51. h8=Q a3 52. Qa8
1-0

[Event "II Open A Primavera"]
[Site "Como ITA"]
[Date "2006.05.31"]
[Round "7"]
[White "Raineri, Pieroberto"]
[Black "Lotti, Riccardo"]
[Result "1-0"]
[WhiteElo "1583"]
[BlackElo "1395"]
[PlyCount "61"]
[EventDate "2006.04.21"]

1. c4 e5 2. Nc3 Nc6 3. g3 Bc5 4. Bg2 Nge7 5. Nf3 Ng6 6. a3 O-O 7. b4 Bd4 8. Bb2
Bxc3 9. Bxc3 e4 10. Nd4 Nxd4 11. Bxd4 d5 12. cxd5 Qxd5 13. Be3 Re8 14. Rc1 Qd6
15. Qc2 Bf5 16. O-O c6 17. Qb2 Qe6 18. Rfd1 Bh3 19. Bh1 Bg4 20. Bd4 Bxe2 21.
Re1 Bd3 22. Bxg7 Qf5 23. Rc5 Qd7 24. Bh6 f5 25. Rxf5 e3 26. Qb3+ Re6 27. Rf6
Rae8 28. Rxe3 b5 29. Rxd3 Qc7 30. Rxe6 Qf7 31. Rxe8+ 1-0

[Event "II Open A Primavera"]
[Site "Como ITA"]
[Date "2006.05.31"]
[Round "7"]
[White "Rossi, Silio"]
[Black "Calabrese, Salvatore"]
[Result "1-0"]
[WhiteElo "1592"]
[BlackElo "1419"]
[PlyCount "126"]
[EventDate "2006.04.21"]

1. b4 e6 2. Bb2 Nf6 3. b5 Bc5 4. e3 O-O 5. Nf3 d5 6. Be2 Nbd7 7. O-O Bd6 8. d4
Re8 9. c4 Ne4 10. c5 Be7 11. Nbd2 c6 12. Nxe4 dxe4 13. Nd2 cxb5 14. Nxe4 Nf6
15. Nxf6+ Bxf6 16. Bxb5 Bd7 17. Bxd7 Qxd7 18. a4 Rec8 19. a5 Qb5 20. Bc3 b6 21.
Rb1 Qc4 22. Be1 bxc5 23. Rc1 Qd5 24. dxc5 Rxc5 25. Qxd5 Rxd5 26. Rc6 Rb8 27.
Ra6 Ra8 28. e4 Rd1 29. Bb4 Bd4 30. Rxd1 Rd8 31. Rd6 Rxd6 32. Bxd6 Bc3 33. Ba3
g5 34. Rd7 Bxa5 35. Rxa7 Bc3 36. Rc7 Bd4 37. Rc4 e5 38. Be7 Kg7 39. Bxg5 Kg6
40. h4 f5 41. Rc6+ Kh5 42. exf5 Kg4 43. f6 e4 44. Rc4 Bxf6 45. Bxf6 h5 46. Bg5
Kf5 47. g3 Kg4 48. Be3 Kh3 49. Rd4 Kg4 50. Rxe4+ Kh3 51. Re5 Kg4 52. Rg5+ Kf3
53. Rxh5 Kg4 54. Rc5 Kf3 55. Rc4 Ke2 56. Kg2 Kd3 57. Rf4 Ke2 58. h5 Kd3 59. Kf3
Kc2 60. Ke2 Kb1 61. Kd2 Kb2 62. Bd4+ Kb3 63. Kd3 Kb4 1-0

[Event "II Open A Primavera"]
[Site "Como ITA"]
[Date "2006.05.31"]
[Round "7"]
[White "Trifoni, Giorgio"]
[Black "Emoroso, Claudio"]
[Result "1/2-1/2"]
[WhiteElo "1673"]
[BlackElo "1832"]
[PlyCount "52"]
[EventDate "2006.04.21"]

1. Nf3 Nf6 2. b4 g6 3. d4 Bg7 4. e3 O-O 5. Bb2 d6 6. Bd3 c6 7. a4 d5 8. Nbd2
Nbd7 9. c4 dxc4 10. Bxc4 Nd5 11. Qb3 e6 12. O-O N5b6 13. Bd3 Re8 14. Nc4 Nxc4
15. Bxc4 Nb6 16. Bd3 Nd7 17. Rad1 Qe7 18. Rfe1 e5 19. dxe5 Nxe5 20. Nxe5 Bxe5
21. Bd4 Bxd4 22. exd4 Be6 23. Qc3 Qf6 24. Re3 Bd5 25. Rde1 Rxe3 26. Rxe3 a6
1/2-1/2

[Event "II Torneo Inverno Vomero"]
[Site "Napoli ITA"]
[Date "2006.02.02"]
[Round "4"]
[White "Ficco, Corrado"]
[Black "Lupo, Alfredo"]
[Result "1-0"]
[WhiteElo "2153"]
[BlackElo "2121"]
[PlyCount "67"]
[EventDate "2006.01.12"]

1. e4 e5 2. Nf3 Nc6 3. d4 exd4 4. Bc4 Nf6 5. O-O d6 6. Nxd4 Ne5 7. Bb3 c5 8.
Ba4+ Bd7 9. Bxd7+ Qxd7 10. Nf3 O-O-O 11. Nc3 Qg4 12. Nxe5 dxe5 13. Qxg4+ Nxg4
14. f3 Nf6 15. Bg5 Be7 16. Bxf6 Bxf6 17. Nd5 Rd6 18. Rfd1 Rhd8 19. Kf2 g6 20.
Rd3 Bg7 21. Rad1 Bf8 22. a4 h5 23. Ke2 Kd7 24. Rc3 Rc8 25. Kd3 Ke6 26. Kc4 b6
27. Rb3 Rcc6 28. a5 f5 29. Ra1 fxe4 30. fxe4 Kd7 31. axb6 axb6 32. Ra7+ Ke6 33.
Rf3 b5+ 34. Kxb5 1-0

[Event "II Torneo Inverno Vomero"]
[Site "Napoli ITA"]
[Date "2006.02.02"]
[Round "4"]
[White "Schiappoli, Dario"]
[Black "Longobardi, Giuseppe"]
[Result "1-0"]
[WhiteElo "1956"]
[BlackElo "1996"]
[PlyCount "59"]
[EventDate "2006.01.12"]

1. e4 c6 2. d4 d5 3. Nd2 dxe4 4. Nxe4 Nf6 5. Nxf6+ exf6 6. Bd3 Qxd4 7. Nf3 Qd8
8. O-O Be7 9. Re1 Bg4 10. Qe2 Nd7 11. Bf4 Bxf3 12. gxf3 Kf8 13. Rad1 Ne5 14.
Bxe5 fxe5 15. Qxe5 Bd6 16. Qh5 Qf6 17. Bc4 g6 18. Qh6+ Kg8 19. Re4 Qxf3 20.
Rde1 Bf8 21. Qd2 Qf6 22. Rf4 Qg5+ 23. Kh1 Rd8 24. Bxf7+ Kg7 25. Qc3+ Kh6 26.
Rf3 Qd2 27. Rh3+ Kg5 28. Rg1+ Kf5 29. Rf3+ Ke4 30. Rg4+ 1-0